[Event "Sachsen-ch U18 Girls"]
[Site "Sebnitz"]
[Date "2012.04.11"]
[Round "3"]
[White "Barwisch, Isabel"]
[Black "Schmieder, Michelle"]
[Result "1-0"]
[WhiteElo "1267"]
[BlackElo "1259"]
[PlyCount "97"]
[EventDate "2012.04.10"]
[EventType "swiss"]
[EventRounds "5"]
[EventCountry "GER"]
[SourceTitle "CBM 148 Extra"]
[Source "ChessBase"]
[SourceDate "2012.06.22"]
[SourceVersion "1"]
[SourceVersionDate "2012.06.22"]
[SourceQuality "1"]

1. d4 d5 2. c4 dxc4 3. e4 e6 4. Bxc4 g6 5. Nf3 Bg7 6. 0-0 Ne7 7. Nc3 0-0 8. Be3 Nd7 9. e5 b6 10. Qd2 Re8 11. Bg5 c6 12. Ne4 Qc7 13. Nd6 Rf8 14. Bxe7 Nxe5 15. dxe5 Qxe7 16. Qf4 h6 17. Rad1 Bd7 18. Rd3 b5 19. Bb3 c5 20. Bc2 Bc6 21. Rfd1 Rad8 22. b3 a6 23. Qe3 Bxf3 24. Qxf3 Bxe5 25. Nxf7 Rxd3 26. Nxh6+ Kg7 27. Qxd3 Qg5 28. Qh3 Qxh6 29. Rd7+ Rf7 30. Rxf7+ Kxf7 31. Qxh6 Ke7 32. Qxg6 Kd6 33. Bf5 Kd5 34. Bxe6+ Kd4 35. Qg4+ Kc3 36. Qf3+ Kb4 37. Qe4+ Bd4 38. g4 a5 39. Qc2 Ka3 40. g5 Kb4 41. Bd7 Bg7 42. h4 Bd4 43. h5 Bg7 44. h6 Bd4 45. g6 Bf6 46. g7 Bd4 47. g8Q Be5 48. Qc1 Bd4 49. a3# 1-0

[Event "Sachsen-ch U18 Girls"]
[Site "Sebnitz"]
[Date "2012.04.11"]
[Round "5"]
[White "Barwisch, Isabel"]
[Black "Spangenberg, Romy"]
[Result "1/2-1/2"]
[WhiteElo "1267"]
[BlackElo "1625"]
[PlyCount "23"]
[EventDate "2012.04.10"]
[EventType "swiss"]
[EventRounds "5"]
[EventCountry "GER"]
[SourceTitle "CBM 148 Extra"]
[Source "ChessBase"]
[SourceDate "2012.06.22"]
[SourceVersion "1"]
[SourceVersionDate "2012.06.22"]
[SourceQuality "1"]

1. d4 d5 2. c4 e6 3. Nc3 Nf6 4. a3 Be7 5. Nf3 0-0 6. b4 c6 7. c5 Nbd7 8. Qc2 b6 9. e4 dxe4 10. Nxe4 bxc5 11. Nxc5 Nxc5 12. dxc5 1/2-1/2

[Event "Sachsen-ch U16 Girls"]
[Site "Sebnitz"]
[Date "2009.04.15"]
[Round "2"]
[White "Stoerzer, Tina"]
[Black "Barwisch, Isabel"]
[Result "1-0"]
[WhiteElo "1285"]
[BlackElo "970"]
[PlyCount "31"]
[EventDate "2009.04.14"]
[EventType "swiss"]
[EventRounds "7"]
[EventCountry "GER"]
[SourceTitle "EXT 2010"]
[Source "ChessBase"]
[SourceDate "2010.11.25"]
[SourceVersion "1"]
[SourceVersionDate "2010.11.25"]
[SourceQuality "1"]

1. e4 c5 2. Nf3 Nc6 3. d4 e6 4. Be3 d5 5. exd5 Qxd5 6. Nc3 Qh5 7. Nb5 Ke7 8. dxc5 f6 9. Qd6+ Kf7 10. Qc7+ Nge7 11. Nd6+ Kg6 12. Bd3+ f5 13. Nxc8 Rxc8 14. Qd6 Kf7 15. Ng5+ Kf6 16. Qxe6# 1-0